[Event "NZL-ch op 122nd"]
[Site "Auckland"]
[Date "2015.01.07"]
[Round "7"]
[White "Power, Wayne"]
[Black "Taylor, Richard"]
[Result "1/2-1/2"]
[WhiteElo "1926"]
[BlackElo "1871"]
[PlyCount "87"]
[EventDate "2015.01.01"]
[EventType "swiss"]
[EventRounds "9"]
[EventCountry "NZL"]
[SourceTitle "CBM 164 Extra"]
[Source "ChessBase"]
[SourceDate "2015.03.02"]
[SourceVersion "1"]
[SourceVersionDate "2015.03.02"]
[SourceQuality "1"]

1. d4 Nf6 2. c4 e6 3. Nc3 Bb4 4. e3 b6 5. Bd3 Bb7 6. f3 d5 7. Bd2 0-0 8. Nge2 Re8 9. 0-0 Bd6 10. e4 dxe4 11. fxe4 e5 12. Kh1 Nbd7 13. Bg5 Be7 14. Bxf6 Bxf6 15. d5 Bh4 16. Ng1 g6 17. Qf3 Rf8 18. Qh3 Bf6 19. Nf3 Nc5 20. Bc2 a5 21. b3 Qe7 22. Rad1 Bg7 23. Qg3 Na6 24. Nb5 c6 25. dxc6 Bxc6 26. Nc3 Rad8 27. Nd5 Bxd5 28. cxd5 Nc5 29. Rd2 Nb7 30. Qf2 Qc5 31. Qxc5 Nxc5 32. Re2 Nb7 33. Bd3 Nd6 34. Ba6 Ra8 35. Bd3 Rfc8 36. Rc2 Rxc2 37. Bxc2 Rc8 38. Bb1 b5 39. Kg1 f5 40. exf5 gxf5 41. Nh4 e4 42. g3 Rf8 43. Rc1 e3 44. Nf3 1/2-1/2

[Event "NZL-ch Seniors"]
[Site "Howick"]
[Date "2014.04.07"]
[Round "7"]
[White "Power, Wayne"]
[Black "Goffin, Peter B"]
[Result "1-0"]
[WhiteElo "1959"]
[BlackElo "2024"]
[PlyCount "27"]
[EventDate "2014.04.04"]
[EventType "swiss"]
[EventRounds "7"]
[EventCountry "NZL"]
[SourceTitle "EXT 2018"]
[Source "ChessBase"]
[SourceDate "2017.10.13"]
[SourceVersion "1"]
[SourceVersionDate "2017.10.13"]
[SourceQuality "1"]

1. e4 e5 2. Nf3 Nc6 3. Bb5 f5 4. d4 exd4 5. Nxd4 Nxd4 6. Qxd4 Qf6 7. e5 Qb6 8. Qd3 Bc5 9. 0-0 Ne7 10. Nc3 Qg6 11. Na4 Bb6 12. Nxb6 axb6 13. Bf4 0-0 14. Bxd7 1-0

[Event "NZL-ch Seniors"]
[Site "Howick"]
[Date "2014.04.06"]
[Round "6"]
[White "Roberts, Michael H"]
[Black "Power, Wayne"]
[Result "1-0"]
[WhiteElo "1824"]
[BlackElo "1959"]
[PlyCount "133"]
[EventDate "2014.04.04"]
[EventType "swiss"]
[EventRounds "7"]
[EventCountry "NZL"]
[SourceTitle "EXT 2018"]
[Source "ChessBase"]
[SourceDate "2017.10.13"]
[SourceVersion "1"]
[SourceVersionDate "2017.10.13"]
[SourceQuality "1"]

1. e4 c5 2. Nf3 d6 3. d4 cxd4 4. Nxd4 Nf6 5. Nc3 a6 6. Be2 g6 7. 0-0 Bg7 8. Be3 0-0 9. Qd2 Nc6 10. Nxc6 bxc6 11. f4 Rb8 12. Rad1 Ng4 13. Bd4 Bxd4+ 14. Qxd4 Qb6 15. Qxb6 Rxb6 16. Rb1 a5 17. Rfe1 Nf6 18. Bf3 e5 19. g3 Be6 20. b3 Rfb8 21. Rbd1 c5 22. Na4 Ra6 23. c4 Kf8 24. Nc3 Ke7 25. fxe5 dxe5 26. Nd5+ Bxd5 27. exd5 Kd6 28. Bg2 Nd7 29. Bh3 f6 30. Rf1 Rbb6 31. Be6 Ke7 32. h4 a4 33. Rd3 axb3 34. axb3 Nf8 35. Bg4 f5 36. Bd1 Nd7 37. h5 Nf6 38. hxg6 hxg6 39. Kg2 Ra2+ 40. Rf2 Ra1 41. Rf1 e4 42. Re3 Kd6 43. Be2 Ra7 44. Rf2 Ke5 45. Bd1 Ra1 46. Rd2 g5 47. Kf1 f4 48. gxf4+ gxf4 49. Re1 Rd6 50. Bc2 Rxe1+ 51. Kxe1 f3 52. Bd1 Ng4 53. Ra2 Rh6 54. Ra8 Rh1+ 55. Kd2 e3+ 56. Kc2 Rh2+ 57. Kc3 e2 58. Re8+ Kd6 59. Bxe2 fxe2 60. Kd2 e1Q+ 61. Kxe1 Rb2 62. Re6+ Kd7 63. Rc6 Ne5 64. Rb6 Nd3+ 65. Kd1 Ra2 66. Rc6 Nb4 67. Rh6 1-0

[Event "Auckland Morrison Memorial"]
[Site "Auckland"]
[Date "2013.10.28"]
[Round "6"]
[White "Gong, Daniel Hanwen"]
[Black "Power, Wayne"]
[Result "1-0"]
[WhiteElo "1837"]
[BlackElo "1978"]
[PlyCount "47"]
[EventDate "2013.10.25"]
[EventType "swiss"]
[EventRounds "6"]
[EventCountry "NZL"]
[SourceTitle "EXT 2018"]
[Source "ChessBase"]
[SourceDate "2017.10.13"]
[SourceVersion "1"]
[SourceVersionDate "2017.10.13"]
[SourceQuality "1"]

1. e4 c5 2. Nf3 d6 3. d4 cxd4 4. Nxd4 Nf6 5. Nc3 a6 6. Be2 g6 7. f4 Bg7 8. e5 dxe5 9. fxe5 Nfd7 10. e6 Ne5 11. exf7+ Nxf7 12. Be3 0-0 13. 0-0 e5 14. Nb3 Bf5 15. Qxd8 Rxd8 16. Bc4 Rd7 17. Rad1 Rxd1 18. Nxd1 h5 19. h3 h4 20. Bf2 Nc6 21. Bxh4 Rf8 22. Ne3 Be4 23. Nc5 Bh6 24. Ng4 1-0

[Event "Auckland Morrison Memorial"]
[Site "Auckland"]
[Date "2012.10.22"]
[Round "6"]
[White "Power, Wayne"]
[Black "Milligan, Helen"]
[Result "1/2-1/2"]
[WhiteElo "1965"]
[BlackElo "1969"]
[PlyCount "51"]
[EventDate "2012.10.19"]
[EventType "swiss"]
[EventRounds "6"]
[EventCountry "NZL"]
[SourceTitle "EXT 2018"]
[Source "ChessBase"]
[SourceDate "2017.10.13"]
[SourceVersion "1"]
[SourceVersionDate "2017.10.13"]
[SourceQuality "1"]

1. d4 Nf6 2. c4 g6 3. Nc3 Bg7 4. e4 d6 5. Nf3 0-0 6. Be2 Nbd7 7. 0-0 e5 8. Be3 Re8 9. d5 Nh5 10. g3 Bf8 11. Nh4 Ng7 12. Ng2 f5 13. Qd2 Nf6 14. f3 a5 15. Bg5 Be7 16. Rae1 Kh8 17. Bh4 Nd7 18. Bxe7 Qxe7 19. Nh4 f4 20. Bd3 Nc5 21. Bc2 Nh5 22. Kf2 Bd7 23. b3 Rf8 24. Kg2 b6 25. Qf2 Kg8 26. g4 1/2-1/2

[Event "NZL-ch Major op"]
[Site "Auckland"]
[Date "2011.01.06"]
[Round "5"]
[White "Zhang, William Jie Wen"]
[Black "Power, Wayne"]
[Result "1/2-1/2"]
[WhiteElo "1409"]
[BlackElo "1875"]
[PlyCount "82"]
[EventDate "2011.01.02"]
[EventType "swiss"]
[EventRounds "11"]
[EventCountry "NZL"]
[SourceTitle "EXT 2018"]
[Source "ChessBase"]
[SourceDate "2017.10.13"]
[SourceVersion "1"]
[SourceVersionDate "2017.10.13"]
[SourceQuality "1"]

1. e4 c5 2. Nc3 a6 3. a4 Nc6 4. Nge2 e5 5. g3 d6 6. Bg2 g6 7. 0-0 Bg7 8. d3 Nge7 9. Be3 0-0 10. Qd2 Nd4 11. h3 Be6 12. f4 Qc8 13. g4 Nxe2+ 14. Qxe2 exf4 15. Bxf4 Qd7 16. Be3 Rac8 17. Qd2 h5 18. gxh5 Bxh3 19. hxg6 fxg6 20. Bxh3 Qxh3 21. d4 Qxe3+ 22. Qxe3 Bxd4 23. Rxf8+ Rxf8 24. Qxd4 cxd4 25. Ne2 Nc6 26. Rd1 Kf7 27. Nxd4 Nxd4 28. Rxd4 Ke6 29. Rb4 Rf7 30. Kg2 Ke5 31. c3 Kf4 32. Rd4 Rd7 33. Kf2 g5 34. Kg2 Ke5 35. Kg3 Rf7 36. Rd5+ Kxe4 37. Rxg5 d5 38. Rg4+ Ke5 39. Rd4 Rg7+ 40. Kf2 Rh7 41. Kg2 Rg7+ 1/2-1/2

[Event "NZL-ch Major op"]
[Site "Auckland"]
[Date "2011.01.05"]
[Round "4"]
[White "Power, Wayne"]
[Black "Puepuemai, Wayne"]
[Result "1/2-1/2"]
[WhiteElo "1875"]
[BlackElo "1687"]
[PlyCount "46"]
[EventDate "2011.01.02"]
[EventType "swiss"]
[EventRounds "11"]
[EventCountry "NZL"]
[SourceTitle "EXT 2018"]
[Source "ChessBase"]
[SourceDate "2017.10.13"]
[SourceVersion "1"]
[SourceVersionDate "2017.10.13"]
[SourceQuality "1"]

1. d4 d5 2. c4 e6 3. Nc3 Nf6 4. Bg5 Be7 5. e3 0-0 6. Nf3 Nbd7 7. Bd3 dxc4 8. Bxc4 a6 9. 0-0 b5 10. Bd3 Bb7 11. a3 c5 12. Rc1 c4 13. Bb1 h6 14. Bh4 Nh5 15. Bxe7 Qxe7 16. Qc2 f5 17. e4 fxe4 18. Nxe4 Nf4 19. Ned2 Ne2+ 20. Kh1 Nxc1 21. Qh7+ Kf7 22. Qg6+ Kg8 23. Qh7+ Kf7 1/2-1/2

[Event "NZL-ch Major op"]
[Site "Auckland"]
[Date "2011.01.02"]
[Round "1"]
[White "Jia, Hao"]
[Black "Power, Wayne"]
[Result "1/2-1/2"]
[WhiteElo "1459"]
[BlackElo "1875"]
[PlyCount "64"]
[EventDate "2011.01.02"]
[EventType "swiss"]
[EventRounds "11"]
[EventCountry "NZL"]
[SourceTitle "EXT 2018"]
[Source "ChessBase"]
[SourceDate "2017.10.13"]
[SourceVersion "1"]
[SourceVersionDate "2017.10.13"]
[SourceQuality "1"]

1. e4 c5 2. Nf3 d6 3. d4 cxd4 4. Nxd4 Nf6 5. Nc3 a6 6. Bg5 e6 7. Bd3 Nc6 8. Nxc6 bxc6 9. 0-0 Be7 10. Qd2 0-0 11. Rfe1 Qc7 12. Rab1 a5 13. a4 e5 14. h3 Nh5 15. Bxe7 Qxe7 16. Ne2 Ba6 17. Red1 Bxd3 18. Qxd3 Rfd8 19. Qa3 Qe6 20. f3 Qc4 21. Rd2 Rab8 22. Rbd1 Rb4 23. b3 Qe6 24. c3 Qxb3 25. Qxb3 Rxb3 26. Rxd6 Rxd6 27. Rxd6 f6 28. Rxc6 Ra3 29. Rc4 Kf7 30. g4 Nf4 31. Nxf4 exf4 32. h4 Ra1+ 1/2-1/2

[Event "NZL-ch Major"]
[Site "Auckland"]
[Date "2010.01.06"]
[Round "5"]
[White "Power, Wayne"]
[Black "Tsoi, Nicole"]
[Result "1-0"]
[WhiteElo "1909"]
[BlackElo "1614"]
[PlyCount "91"]
[EventDate "2010.01.02"]
[EventType "swiss"]
[EventRounds "11"]
[EventCountry "NZL"]
[SourceTitle "CBM 134 Extra"]
[Source "ChessBase"]
[SourceDate "2010.03.03"]
[SourceVersion "1"]
[SourceVersionDate "2010.03.03"]
[SourceQuality "1"]

1. d4 e6 2. e4 d5 3. Nc3 Bb4 4. e5 c5 5. a3 Bxc3+ 6. bxc3 Ne7 7. Qg4 0-0 8. Bd3 Nbc6 9. Nf3 Ng6 10. h4 f5 11. Qh5 Qe8 12. g4 Bd7 13. Ng5 h6 14. Nf3 c4 15. Be2 Nce7 16. g5 Nh8 17. Qxe8 Rfxe8 18. gxh6 gxh6 19. Bxh6 Kh7 20. Bg5 Nc6 21. Bf6 Ng6 22. Ng5+ Kh6 23. Nf7+ Kh7 24. Kd2 Rg8 25. Rag1 Nf4 26. Ng5+ Kh6 27. Bf3 Raf8 28. Ke3 Ng6 29. Nh3 a6 30. h5 Nge7 31. Nf4 b6 32. Ng6 Re8 33. Nxe7 Rxg1 34. Rxg1 Nxe7 35. Rg7 Ba4 36. Rxe7 Rxe7 37. Bxe7 Be8 38. Kf4 Bf7 39. Bg5+ Kh7 40. Kg3 Be8 41. Kh4 Bf7 42. Be7 Kh6 43. Bf8+ Kh7 44. Kg5 b5 45. Kf6 Bg8 46. h6 1-0

[Event "NZL-ch Major"]
[Site "Auckland"]
[Date "2010.01.05"]
[Round "4"]
[White "Holdo, Karl"]
[Black "Power, Wayne"]
[Result "1/2-1/2"]
[WhiteElo "1714"]
[BlackElo "1909"]
[PlyCount "73"]
[EventDate "2010.01.02"]
[EventType "swiss"]
[EventRounds "11"]
[EventCountry "NZL"]
[SourceTitle "CBM 134 Extra"]
[Source "ChessBase"]
[SourceDate "2010.03.03"]
[SourceVersion "1"]
[SourceVersionDate "2010.03.03"]
[SourceQuality "1"]

1. e4 c5 2. Nf3 d6 3. d4 cxd4 4. Nxd4 Nf6 5. Nc3 a6 6. Be2 e5 7. Nb3 Be7 8. 0-0 0-0 9. Bg5 Nbd7 10. Qd2 b5 11. a3 Bb7 12. Bxf6 Nxf6 13. Qe3 Qc7 14. Rad1 Rac8 15. f4 Rfd8 16. fxe5 dxe5 17. Kh1 h6 18. h3 Qc6 19. Na5 Qc7 20. Nxb7 Qxb7 21. Bf3 Rxd1 22. Rxd1 Bc5 23. Qe2 Bxa3 24. Nd5 Bxb2 25. Nxf6+ gxf6 26. Bg4 Rc3 27. Bf5 Qe7 28. Rd7 Qe8 29. Qd2 Rc8 30. Qd5 Rc5 31. Qb7 Qc8 32. Qa7 Rxc2 33. Rxf7 Rc1+ 34. Kh2 Rh1+ 35. Kxh1 Qc1+ 36. Kh2 Qf4+ 37. Kh1 1/2-1/2